000 01059cam a2200181 4500
001 X113240
008 000000n2001 000 0 eng u
035 _a(Sirsi) u113240
245 _aBeyers v SoS Environment and Uttlesford DC
260 _c2001
490 _aProperty, Planning and Compensation Reports
_v[2001] 82 P&CR 39-51(13)
520 _aQBD 31 August 2001. Tree Preservation Order. Town and Country Planning (Tree Preservation Order) Regulations 1969 arts 5 and 9. Refusal of consent to fell tree Certification that tree has outstanding or special amenity value. Form and timing of certification. Whether reasons required for refusal of consent. Whether decision-maker required to take into account other consents when issuing certificate under Art 5 (Taken from headnote)
650 _aBEYERS V SOS TRANSPORT AND UTTLESFORD DC
650 _aTREE PRESERVATION ORDER
650 _aTOWN AND COUNTRY PLANNING (TREE PRESERVATION ORDER) REGULATIONS 1969
690 _aENVIRONMENTAL AND LAND CONSULTANCY-PLANNING AND DEVELOPMENT
942 _n0
999 _c67445
_d67445